000 00586cam a22002051i04500
001 3493
003 http://id.bnportugal.gov.pt/bib/porbase/1792378
005 20200106170308.0
090 _a3493
100 _a19970419d1962 km y0pory5003 ba
200 1 _aVaticano II
_eConcílio de João XXII
_fHenri Petiot Daniel-Rops
210 _aPorto
_cTavares Martins,
_d1962
215 _a272 p.
_d19 cm
225 2 _aTavares Martins
600 _aHenri Petiot Daniel-Rops
601 _aTavares Martins,
675 _a262.5 Vat. II
700 1 _aRops,
_bDaniel,
_f1901-1965
801 0 _aPT
_bBN
_gRPC
942 _cBK